000 00694nam a22002537a 4500
003 UA-OsUOA
001 28059
007 ta
008 20040922b un ||||| |||| 00| 0 ukr d
100 _aСтороженко О.В.
090 _a81'36-111
_bК78
942 _cBK
040 _aUA-OsUOA
_brus
_cUA-OsUOA
_dUA-OsUOA
245 _aКраткая грамматика английского языка в таблицах и схемах
_bУчебное пособие
300 _a64 с.
955 _a0
041 _arus
080 _a81'36-111
020 _a966-7293-30-0
260 _aКиїв
_bЗнання
_c1997
044 _aRU
650 7 _2UDC
999 _c314415
_d314415